Pokémon - Word Chain - Statistics

General Stats
  • This quiz has been taken 260 times
  • The average score is 17 of 30
Answer Stats
Hint Pokémon % Correct
The Pokémon Mascot and Ash's Best Pokefriend. Pikachu
100%
The Dark type Eeveelution Umbreon
95%
A Spooky Ghost used by Agatha Gengar
83%
This blob is one Transformative Pokémon! Ditto
77%
You would think that this Rock Snake would have a little more attack for its' size Onix
75%
A Royal Ground/Poison type Nidoking
72%
It's the Moon. Oh wait, it's just a Moon-Shaped Pokémon. Lunatone
67%
It's not the Magic words, but its' two pre-evolutions are if you combine them Alakazam
65%
It stays aloft on the puffs of Toxic Gas coming out of its many holes protruding from its' body Koffing
64%
A Rocky doggy friend Rockruff
64%
You might be able to plug this Baby Electric Type into a light socket Elekid
63%
The mascot of Pokémon X, this Pokémon is said to be able to grant eternal life Xerneas
61%
The Leader of a group of legendaries who might have a Slow Start in battle Regigigas
60%
This water type was good in Gen 1 before it got that Dragon Scale evolution Seadra
59%
An intimidating bug with a Steel exoskeleton Scizor
57%
Is it Christmas time already? Because I swore I just saw a... Delibird
55%
This Pokémon always has a baby in it's pouch it seems, so how are they endangered? Kangaskhan
55%
You don't need to play upside-down to Battle with this Squid, just to evolve it. Inkay
52%
It loses all of its wool by the time of the final evolution Ampharos
50%
An Alolan Guardian Deity. The Water one, specifically Tapu Fini
49%
Spiders are scary enough without shooting electricity at you. Galvantula
48%
A Water evolution gotten using a Deep Sea Tooth Huntail
48%
I certainly wouldn't want one of these Dark Vultures circling me in the desert Mandibuzz
46%
Its a Invasive Alolan Mongoose. Maybe we should import some Ekans to get rid of them? Yungoos
45%
You might never know if you saw this Pokémon because of its' Illusion ability Zoroark
45%
It Does Not evolve into Diancie, although you could be excused for thinking that at first Carbink
44%
This Gen IX canine might look tasty, but I wouldn't eat it Fidough
43%
Be careful around this Fox Pokémon, it might steal your lunch Nickit
41%
How does a Grass/Fire Pokémon even work? Maybe the fire part is contained to the one head. Scovillain
41%
You might feel like your on Shrooms if this Forest Pokémon gets its spores on you Shiinotic
21%
No matching quizzes found
Score Distribution
Percent of People with Each Score
Percentile by Number Answered
Your Score History
You have not taken this quiz